<?xml version="1.0" encoding="UTF-8"?>
<record
    xmlns:xsi="http://www.w3.org/2001/XMLSchema-instance"
    xsi:schemaLocation="http://www.loc.gov/MARC21/slim http://www.loc.gov/standards/marcxml/schema/MARC21slim.xsd"
    xmlns="http://www.loc.gov/MARC21/slim">

  <leader>00453nam a22001577a 4500</leader>
  <controlfield tag="005">20251110095308.0</controlfield>
  <controlfield tag="008">251110b        |||||||| |||| 00| 0 eng d</controlfield>
  <datafield tag="020" ind1=" " ind2=" ">
    <subfield code="a">979-8-88715-097-0</subfield>
  </datafield>
  <datafield tag="100" ind1=" " ind2=" ">
    <subfield code="a">WESTON, RACHEL SMITH</subfield>
  </datafield>
  <datafield tag="245" ind1=" " ind2=" ">
    <subfield code="a">JOURNALISM ETICS AND MASS MANAGEMENT</subfield>
  </datafield>
  <datafield tag="260" ind1=" " ind2=" ">
    <subfield code="a">DUBLIN</subfield>
    <subfield code="b">ORYSON PRESS</subfield>
    <subfield code="c">2023</subfield>
  </datafield>
  <datafield tag="300" ind1=" " ind2=" ">
    <subfield code="a">VI, 282P.</subfield>
  </datafield>
  <datafield tag="500" ind1=" " ind2=" ">
    <subfield code="a">INCLUDES INDEX</subfield>
  </datafield>
  <datafield tag="650" ind1=" " ind2=" ">
    <subfield code="a">1. JOURNALISM - ETHICS 2. MASS MEDIA - MANAGEMENT</subfield>
  </datafield>
  <datafield tag="942" ind1=" " ind2=" ">
    <subfield code="2">lcc</subfield>
    <subfield code="c">BK</subfield>
  </datafield>
  <datafield tag="999" ind1=" " ind2=" ">
    <subfield code="c">216145</subfield>
    <subfield code="d">216145</subfield>
  </datafield>
  <datafield tag="952" ind1=" " ind2=" ">
    <subfield code="0">0</subfield>
    <subfield code="1">0</subfield>
    <subfield code="2">lcc</subfield>
    <subfield code="4">0</subfield>
    <subfield code="6">PN475647 02023</subfield>
    <subfield code="7">0</subfield>
    <subfield code="9">373167</subfield>
    <subfield code="a">KSUL</subfield>
    <subfield code="b">KSUL</subfield>
    <subfield code="d">2025-11-10</subfield>
    <subfield code="i">109649</subfield>
    <subfield code="l">0</subfield>
    <subfield code="o">PN 4756 .47 2023</subfield>
    <subfield code="p">000000017580</subfield>
    <subfield code="r">2025-11-10 09:55:38</subfield>
    <subfield code="t">C.1</subfield>
    <subfield code="w">2025-11-10</subfield>
    <subfield code="y">BK</subfield>
  </datafield>
  <datafield tag="952" ind1=" " ind2=" ">
    <subfield code="0">0</subfield>
    <subfield code="1">0</subfield>
    <subfield code="2">lcc</subfield>
    <subfield code="4">0</subfield>
    <subfield code="6">PN475647 02023</subfield>
    <subfield code="7">0</subfield>
    <subfield code="9">373168</subfield>
    <subfield code="a">KSUL</subfield>
    <subfield code="b">KSUL</subfield>
    <subfield code="d">2025-11-10</subfield>
    <subfield code="i">109650</subfield>
    <subfield code="l">0</subfield>
    <subfield code="o">PN 4756 .47 2023</subfield>
    <subfield code="p">000000017579</subfield>
    <subfield code="r">2025-11-10 09:55:00</subfield>
    <subfield code="t">C.2</subfield>
    <subfield code="w">2025-11-10</subfield>
    <subfield code="y">BK</subfield>
  </datafield>
  <datafield tag="952" ind1=" " ind2=" ">
    <subfield code="0">0</subfield>
    <subfield code="1">0</subfield>
    <subfield code="2">lcc</subfield>
    <subfield code="4">0</subfield>
    <subfield code="6">PN475647 02023</subfield>
    <subfield code="7">0</subfield>
    <subfield code="9">373169</subfield>
    <subfield code="a">KSUL</subfield>
    <subfield code="b">KSUL</subfield>
    <subfield code="d">2025-11-10</subfield>
    <subfield code="i">109651</subfield>
    <subfield code="l">0</subfield>
    <subfield code="o">PN 4756 .47 2023</subfield>
    <subfield code="p">000000017578</subfield>
    <subfield code="r">2025-11-10 09:55:00</subfield>
    <subfield code="t">C.3</subfield>
    <subfield code="w">2025-11-10</subfield>
    <subfield code="y">BK</subfield>
  </datafield>
  <datafield tag="952" ind1=" " ind2=" ">
    <subfield code="0">0</subfield>
    <subfield code="1">0</subfield>
    <subfield code="2">lcc</subfield>
    <subfield code="4">0</subfield>
    <subfield code="6">PN475647 02023</subfield>
    <subfield code="7">0</subfield>
    <subfield code="9">373170</subfield>
    <subfield code="a">KSUL</subfield>
    <subfield code="b">KSUL</subfield>
    <subfield code="d">2025-11-10</subfield>
    <subfield code="i">109652</subfield>
    <subfield code="l">0</subfield>
    <subfield code="o">PN 4756 .47 2023</subfield>
    <subfield code="p">000000017577</subfield>
    <subfield code="r">2025-11-10 09:55:00</subfield>
    <subfield code="t">C.4</subfield>
    <subfield code="w">2025-11-10</subfield>
    <subfield code="y">BK</subfield>
  </datafield>
</record>
